000 00366nam a2200121 4500
999 _c11096
_d11096
008 181012b ||||| |||| 00| 0 eng d
100 _932111
_aFernandez, Rudy
245 _aEducation ministers laud school garden program/
_cRudy Fernandez
260 _aPhilippines
_bThe Philippine Star
_cc2018
300 _apage 6.
650 0 _932112
_aGardening.
942 _2ddc
_cPER